QUEST Central Library Banner

Assessment of Solid Waste Generation and Composition in QUEST Nawabshah (Record no. 68539)

MARC details
000 -LEADER
fixed length control field 00496nam a22001697a 4500
082 ## - DEWEY DECIMAL CLASSIFICATION NUMBER
Classification number R/1EE19
100 ## - MAIN ENTRY--AUTHOR NAME
Personal name Halar
100 ## - MAIN ENTRY--AUTHOR NAME
Personal name Roll No. 19EE07
100 ## - MAIN ENTRY--AUTHOR NAME
Personal name Supervisor - Dr. Imran Ahmed Samo
245 ## - TITLE STATEMENT
Title Assessment of Solid Waste Generation and Composition in QUEST Nawabshah
260 ## - PUBLICATION, DISTRIBUTION, ETC. (IMPRINT)
Place of publication Nawabshah
Name of publisher QUEST
Year of publication 2023
300 ## - PHYSICAL DESCRIPTION
Number of Pages 48p
700 ## - ADDED ENTRY--PERSONAL NAME
Personal name Department of Energy & Environment
700 ## - ADDED ENTRY--PERSONAL NAME
Personal name Israr Mahar (Roll No. 19EE19)
700 ## - ADDED ENTRY--PERSONAL NAME
Personal name Shahzaman (Roll No. 19EE39)
942 ## - ADDED ENTRY ELEMENTS (KOHA)
Koha item type Thesis and Dissertation
Holdings
Withdrawn status Lost status Home library Current library Date acquired Full call number Accession Number Koha item type
    Research Section Research Section 07/01/2025 R/1EE19 EEP/15-118 Thesis and Dissertation

Copyright © 2018,The QUEST, Nawabshah, Shaheed Benazirabad. All rights reserved
Mr. G. Farooq Channar (Librarian) QUEST, Nawabshah, Sindh, Pakistan 67480.
 Ph#: |   0244-9370381-4 Ext. 2308   Email| lib@quest.edu.pk   Web|  http://www.quest.edu.pk